The system of landholdings in Harayana: cost-output analysis (Record no. 199196)

MARC details
000 -LEADER
fixed length control field 00395nam a2200145Ia 4500
008 - FIXED-LENGTH DATA ELEMENTS--GENERAL INFORMATION
fixed length control field 230917s9999||||xx |||||||||||||| ||und||
040 ## - CATALOGING SOURCE
-- 70548
Original cataloging agency VIVEKANANDA LIBRARY
041 ## - Language
-- English
082 ## - DDC NUMBER
Classification number 338.16 R144S
100 ## - MAIN ENTRY--PERSONAL NAME
Personal name Ram Chander
245 #4 - TITLE STATEMENT
Title The system of landholdings in Harayana: cost-output analysis
260 ## - PUBLICATION, DISTRIBUTION, ETC. (IMPRINT)
Place of publication, distribution, etc Kurukshetra
Name of publisher, distributor, etc University Press
Date of publication, distribution, etc 1977
300 ## - PHYSICAL DESCRIPTION
Pages iii, 115 p.
942 ## - ADDED ENTRY ELEMENTS (KOHA)
Koha item type Books
Holdings
Withdrawn status Lost status Damaged status Not for loan Location (home branch) Sublocation or collection (holding branch) Date acquired Koha issues (times borrowed) Koha full call number Accession No. Koha date last seen Koha item type
        VIVEKANANDA LIBRARY VIVEKANANDA LIBRARY 31/01/2003   338.16 R144S 57893 17/09/2023 Books
        VIVEKANANDA LIBRARY VIVEKANANDA LIBRARY 31/01/2003   338.16 R144S 70130 17/09/2023 Books
© Designed and Maintained by Vivekananda Library, MDU Rohtak